[Event "Titled Tuesday intern op 16th Apr Early"]
[Site "Chess.com INT"]
[Date "2024.04.16"]
[Round "2"]
[White "Esenbek Uulu, Ilimbek"]
[Black "Peczely, Sebastian Zsombor"]
[Result "0-1"]
[WhiteElo "2016"]
[BlackElo "2310"]
[PlyCount "80"]
[EventDate "2024.04.16"]
[EventType "swiss (blitz)"]
[EventRounds "11"]
[EventCountry "USA"]
[SourceTitle "CBM 219 Extra"]
[Source "ChessBase"]
[SourceDate "2024.05.31"]
[SourceVersion "1"]
[SourceVersionDate "2024.05.31"]
[SourceQuality "1"]

1. d4 Nf6 2. c4 e6 3. Nc3 d5 4. Nf3 Bb4 5. Bg5 dxc4 6. e3 0-0 7. Bxc4 b6 8. 0-0 Bb7 9. Rc1 Nbd7 10. Ne5 Be7 11. Qb3 Nxe5 12. dxe5 Nd7 13. Bxe7 Qxe7 14. f4 a6 15. Qd1 b5 16. Bd3 c5 17. Ne4 c4 18. Bb1 Bxe4 19. Bxe4 Rad8 20. Qh5 g6 21. Qh6 f5 22. Bf3 Nc5 23. h4 Rd2 24. h5 Qg7 25. Qg5 h6 26. Qh4 g5 27. Qe1 Rxb2 28. Rd1 Nd3 29. Qc3 Rxa2 30. Ra1 Rxa1 31. Rxa1 Ra8 32. Bxa8 gxf4 33. exf4 Qg3 34. Bf3 Qxf4 35. Rxa6 b4 36. Ra8+ Kf7 37. Qxc4 Qxc4 38. Ra7+ Kf8 39. Ra8+ Ke7 40. Ra7+ Kd8 0-1